| 000 | 01058nam a22003018a 4500 | ||
|---|---|---|---|
| 008 | |||
| 020 | _a0137518684 (pbk.) | ||
| 049 | _aMAIN | ||
| 090 |
_aQP34.5 _bMAR |
||
| 100 | 1 | _aMartini, Frederic H. | |
| 245 | 1 | 0 |
_aApplications manual fundamentals of anatomy & physiology / _cFrederic H. Martini, Kathleen Welch ; with William C. Ober, art coordinator and illustrator ; Claire W. Garrison, illustrator. |
| 246 | 3 | 0 | _aFundamentals of anatomy & physiology. |
| 246 | 3 | _aFundamentals of anatomy and physiology. | |
| 250 | _a4th ed. | ||
| 260 |
_aUpper Saddle : _bPrentice Hall, _c1998. |
||
| 300 |
_ax, 237 p.: _bill. ; _c28 cm. |
||
| 500 | _aIncludes index. | ||
| 650 | 0 | _aHuman physiology. | |
| 650 | 0 | _aHuman anatomy. | |
| 650 | 0 |
_aHuman physiology _vHandbooks, manuals, etc. |
|
| 650 | 0 |
_aHuman anatomy _vHandbooks, manuals, etc. |
|
| 700 | 1 | _aWelch, Kathleen. | |
| 907 |
_a.b10362046 _b11-09-15 _c11-09-15 |
||
| 003 | |||
| 005 | 20230120204157.0 | ||
| 040 | _cNUST | ||
| 942 |
_cBOOKS _kQP34.5 _mMAR |
||
| 999 |
_c118528 _d118528 |
||